Statistics for National Park Site Tile Select #4

Click here to take the quiz!

General Stats

  • This quiz has been taken 5 times
  • The average score is 23 of 45

Answer Stats

QuestionTileSelect% Correct
Is a national memorialCastillo de San MarcosNo
100%
Was founded during Vietnam WarHamptonNo
100%
Is a national memorialHomesteadNo
100%
Is in AlaskaLake ChelanNo
100%
Was founded during Vietnam WarMaggie L. WalkerNo
100%
Is in AlaskaNorth CascadesNo
100%
Is a national memorialPearl HarborYes
100%
Is a national memorialRosie the Riveter WW2 Home FrontNo
100%
Is in AlaskaSan Juan IslandNo
100%
Is in AlaskaAniakchakYes
75%
Is a national memorialDwight D. EisenhowerYes
75%
Is in AlaskaKenai FjordsYes
75%
Is in AlaskaLake RooseveltNo
75%
Is smaller than 1 sq. acreMary Mcleod Bethune Council HouseYes
75%
Is a national memorialRiver RaisinNo
75%
Was founded during Vietnam WarVoyageursYes
75%
Is smaller than 1 sq. acreBelmont-Paul Women's EqualityYes
50%
Is smaller than 1 sq. acreFederal HallYes
50%
Is in AlaskaGlacierNo
50%
Is in AlaskaGlacier BayYes
50%
Was founded during Vietnam WarGlen CanyonYes
50%
Is in a landlocked stateKalaupapaNo
50%
Is smaller than 1 sq. acreLongfellow House-Washington's HeadquartersNo
50%
Was founded during Vietnam WarMinuteman MissileNo
50%
Is in a landlocked stateSaint GaudensNo
50%
Was founded during Vietnam WarSpringfield ArmoryYes
50%
Is smaller than 1 sq. acreThaddeus KosciuszkoYes
50%
Is smaller than 1 sq. acreTheodore Roosevelt InaugurationNo
50%
Was founded during Vietnam WarTupeloNo
50%
Was founded during Vietnam WarWomen's RightsNo
50%
Is smaller than 1 sq. acreBirmingham Civil RightsYes
25%
Is in a landlocked stateBluestoneYes
25%
Is in a landlocked stateChamizalNo
25%
Is a national memorialJohnstown FloodYes
25%
Is in AlaskaLake ClarkYes
25%
Is in a landlocked stateMarsh-Billings-RockefellerYes
25%
Was founded during Vietnam WarRussell CaveYes
25%
Is in a landlocked stateApostle IslandsYes
0%
Is a national memorialArkansas PostYes
0%
Is smaller than 1 sq. acreBrown Vs. Board of EducationNo
0%
Is in a landlocked stateIsle RoyaleYes
0%
Is a national memorialJames A. GarfieldNo
0%
Is in a landlocked stateReconstruction EraNo
0%
Is in a landlocked stateValles CalderaYes
0%
Is smaller than 1 sq. acreVietnam Veterans MemorialNo
0%

Score Distribution

Percentile by Number Answered

Percent of People with Each Score

Your Score History

You have not taken this quiz